000
00329nam a2200145Ia 4500
008
230711s9999||||xx |||||||||||||| ||und||
041
_a
ENG
082
_a
720
_b
TU-H
100
_a
Tully,Mark
245
4
_a
The heart of India
250
_a
1st
260
_c
1995
_a
New Delhi
_b
Penguin Books
650
_a
Architecture
942
_c
BK
999
_c
3236
_d
3236